Cascada Singles - Statistics

General Stats
  • This quiz has been taken 33 times
    11 since last reset
  • The average score is 18 of 38
Answer Stats
Year Clue Answer % Correct
2009 ETD Evacuate The Dancefloor
86%
2009 D Dangerous
71%
2005 EWT Everytime We Touch
71%
2004 M Miracle
71%
2006 ANED A Never Ending Dream
57%
2008 BTN Because The Night
57%
2005 HDYD How Do You Do
57%
2010 P Pyromania
57%
2017 R Run
57%
2006 TMD Truly Madly Deeply
57%
2007 WHTM What Hurts The Most
57%
2024 ANMHE Ain't No Mountain High Enough
43%
2011 AR Au Revoir
43%
2018 BFG Back For Good
43%
2014 B Blink
43%
2024 CM Call Me
43%
2008 F Faded
43%
2009 F Fever
43%
2013 G Glorious
43%
2007 LC Last Christmas
43%
2019 LTWID Like The Way I Do
43%
2014 M Madness
43%
2024 NBL Never Be Lonely
43%
2021 NLMG Never Let Me Go
43%
2011 NN Night Nurse
43%
2021 OLD One Last Dance
43%
2009 PD Perfect Day
43%
2017 P Playground
43%
2006 RFL Ready For Love
43%
2015 R Reason
43%
2011 SF San Francisco
43%
2012 SOL Summer Of Love
43%
2012 TROTN The Rhythm Of The Night
43%
2013 TWIIOH The World Is In Our Hands
43%
2008 WDYWFM What Do You Want From Me
43%
2006 WIBG Wouldn't It Be Good
43%
2020 IFI(ITA) I’m Feeling It (In The Air)
29%
2016 PY Praise You
29%
No matching quizzes found
Score Distribution
Percent of People with Each Score
Percentile by Number Answered
Your Score History
You have not taken this quiz since the last reset